Who has Zinedine Zidane played for? #4 - Statistics

General Stats
  • This quiz has been taken 29 times
  • The average score is 4 of 5
Answer Stats
Hint Answer % Correct
2001-2006 Real Madrid
100%
1996-2001 Juventus
93%
1988-2006 France
78%
1992-1996 Bordeaux
67%
1989-1992 Cannes
41%
No matching quizzes found
Score Distribution
Percent of People with Each Score
Percentile by Number Answered
Your Score History
You have not taken this quiz